|
|
|
|
| LEADER |
01148nam a22002177a 4500 |
| 003 |
GR-PaULI |
| 005 |
20210117210408.0 |
| 008 |
170601b2012 enk||||f |||| 00| 0 eng d |
| 020 |
|
|
|a 9780745653839
|
| 040 |
|
|
|a GR-PaULI
|b gre
|c GR-PaULI
|
| 082 |
0 |
4 |
|a 303.482
|
| 100 |
1 |
|
|9 162322
|a Papastergiadis, Nikos,
|d 1962-
|e συγγραφέας.
|
| 245 |
1 |
0 |
|a Cosmopolitanism and culture /
|c Nikos Papastergiadis.
|
| 300 |
|
|
|a vii, 229 σ. ;
|c 23 εκ.
|
| 504 |
|
|
|a Περιλαμβάνει βιβλιογραφικές αναφορές και ευρετήριο.
|
| 520 |
8 |
|
|a Exploring the relations between cosmopolitanism and culture, this text examines the ways in which major developments associated with globalization - such as immigration and terrorism - have had an impact on contemporary art.
|
| 650 |
|
0 |
|9 155568
|a Πολιτισμός και παγκοσμιοποίηση
|
| 650 |
|
0 |
|9 109304
|a Τέχνη και παγκοσμιοποίηση
|
| 942 |
|
|
|2 ddc
|c BK15
|
| 952 |
|
|
|0 0
|1 0
|2 ddc
|4 0
|6 303_482000000000000_PAP
|7 0
|9 212842
|a ARCH
|b ARCH
|d 2017-06-01
|l 0
|o 303.482 PAP
|p 025000214103
|r 2017-06-01 00:00:00
|t 1
|v 2017.00
|w 2017-06-01
|y BK15
|
| 999 |
|
|
|c 129460
|d 129460
|